Функциональная и прикладная анатомия вен центральной нервной системы (Запись № 5456780)

Подробности
000 -МАРКЕР
контрольное поле 01902nam0a22003131 4500
001 - ИДЕНТИФИКАТОР ЗАПИСИ
контрольное поле rc\3820740
005 - ИДЕНТИФИКАТОР ВЕРСИИ
контрольное поле 20260407081320.0
021 ## - НОМЕР ГОСУДАРСТВЕННОЙ РЕГИСТРАЦИИ
Код страны Российская Федерация
Номер [76-22436]
035 ## - ДРУГИЕ СИСТЕМНЫЕ НОМЕРА
Идентификатор записи (NLR Aleph) 007275730
100 ## - ДАННЫЕ ОБЩЕЙ ОБРАБОТКИ
Данные общей обработки 20120410d1975 |||y0rusy50 ca
101 0# - ЯЗЫК РЕСУРСА
Язык текста, звукозаписи и т.д. русский
102 ## - СТРАНА ПУБЛИКАЦИИ ИЛИ ПРОИЗВОДСТВА
Страна публикации Российская Федерация
-- Российская Федерация
105 ## - ПОЛЕ КОДИРОВАННЫХ ДАННЫХ: ТЕКСТОВЫЕ МАТЕРИАЛЫ, МОНОГРАФИЧЕСКИЕ
Кодированные данные о монографическом текстовом документе a z |||||
200 1# - ЗАГЛАВИЕ И СВЕДЕНИЯ ОБ ОТВЕТСТВЕННОСТИ
Основное заглавие Функциональная и прикладная анатомия вен центральной нервной системы
Первые сведения об ответственности [Профессора С.С. Михайлов, И.И. Каган, канд. мед. наук Р.Г. Моршинин]
Последующие сведения об ответственности Под ред. проф. С.С. Михайлова и проф. И.И. Кагана
-- Куйбышев. мед. ин-т им. Д.И. Ульянова, Оренб. мед. ин-т
210 ## - ПУБЛИКАЦИЯ, РАСПРОСТРАНЕНИЕ И ДР.
Место издания, распространения и т.д. Оренбург
Имя издателя, распространителя и т. д. Б. и.
Дата издания, распространения и т.д. 1975
215 ## - ФИЗИЧЕСКАЯ ХАРАКТЕРИСТИКА
Специфическое обозначение материала и объем 150 с., 19 л. ил.
Размеры 20
320 ## - ПРИМЕЧАНИЯ О НАЛИЧИИ В ДОКУМЕНТЕ БИБЛИОГРАФИИ / УКАЗАТЕЛЯ
Текст примечания Библиогр. науч. работ по анатомии вен центр. нервной системы, выполн. сотрудниками кафедры оперативной хирургии с топогр. анатомией и др. кафедр Оренб. мед. ин-та / кандидаты мед. наук А.М. Мархашов, А.А. Коноплев: с. 135-148 (168 назв.)
606 ## - НАИМЕНОВАНИЕ ТЕМЫ КАК ПРЕДМЕТ
Наименование темы Вены центральной нервной системы
Тематический подзаголовок Анатомия и гистология
Код системы psbo
701 #1 - ИМЯ ЛИЦА - АЛЬТЕРНАТИВНАЯ ОТВЕТСТВЕННОСТЬ
Начальный элемент ввода Каган
Часть имени, кроме начального элемента ввода И.И.
Код отношения Редактор
701 #1 - ИМЯ ЛИЦА - АЛЬТЕРНАТИВНАЯ ОТВЕТСТВЕННОСТЬ
Начальный элемент ввода Моршинин
Часть имени, кроме начального элемента ввода Р.Г.
701 #1 - ИМЯ ЛИЦА - АЛЬТЕРНАТИВНАЯ ОТВЕТСТВЕННОСТЬ
Код отношения Редактор
Материалы, к которым относится поле rus
Графика поля Кириллица
Начальный элемент ввода Михайлов
Часть имени, кроме начального элемента ввода С. С.
Даты 1919-1993
Дополнения к именам, кроме дат д-р мед. наук, анатом
Расширение инициалов личного имени Сергей Сергеевич
Идентификатор авторитетной/нормативной записи RU\NLR\AUTH\7728464
Системный номер авторитетной/нормативной записи 11495
712 02 - НАИМЕНОВАНИЕ ОРГАНИЗАЦИИ - ВТОРИЧНАЯ ОТВЕТСТВЕННОСТЬ
Начальный элемент ввода Самарский медицинский институт
Идентификатор авторитетной/нормативной записи RU\NLR\AUTH\886971
Системный номер авторитетной/нормативной записи 285921
801 #0 - ИСТОЧНИК ЗАПИСИ
Страна Российская Федерация
Организация NLR
Правила каталогизации psbo
801 #1 - ИСТОЧНИК ЗАПИСИ
Страна Российская Федерация
Организация ELAR
Источник данных rusmarc
852 ## - МЕСТОНАХОЖДЕНИЕ И ШИФР ХРАНЕНИЯ
Идентификатор организации NLR
Шифр хранения (Call Number) 76-3/5142
942 ## - ДОПОЛНИТЕЛЬНЫЕ ЭЛЕМЕНТЫ ЗАПИСИ (АБИС)
Тип экземпляра АБИС Книга
980 ## - КОЛЛЕКЦИЯ
Название коллекции Национальная библиография
Экземпляры
Тип экземпляра Дата поступления Библиотека постоянного хранения Библиотека текущего хранения Место хранения Шифр хранения Штрих-код Статус экземпляра
Книга 26.10.2013 РНБ (Московский) РНБ (Московский) Русский книжный фонд: издания с 1957 года 76-3/5142 1-3123065